| 000 | 00466nam a2200181Ia 4500 | ||
|---|---|---|---|
| 005 | 20250603145654.0 | ||
| 008 | 250603s9999 xx 000 0 und d | ||
| 020 | _a9781484242209 | ||
| 050 | _aQA 76.758 .R48/ | ||
| 100 | _aEdited by Caitlin Sadowski & Thomas Zimmermann | ||
| 245 | 0 | _aRethinking productivity in software engineering | |
| 260 | _aNew York | ||
| 260 | _bApress Open | ||
| 260 | _c2019 | ||
| 300 | _a310 p | ||
| 650 | _aNew York | ||
| 942 | _cBK | ||
| 999 |
_c42515 _d42515 |
||